The philosophy of social science : an introduction (Record no. 295130)

MARC details
000 -LEADER
fixed length control field 00614nam a2200193Ia 4500
008 - FIXED-LENGTH DATA ELEMENTS--GENERAL INFORMATION
fixed length control field 191130s1994##################000#0#eng##
020 ## - INTERNATIONAL STANDARD BOOK NUMBER
ISBN 9780521447805
082 ## - DEWEY DECIMAL CLASSIFICATION NUMBER
Classification number 300.1 HOL
100 ## - MAIN ENTRY--AUTHOR NAME
Personal name Hollis, Martin
245 ## - TITLE STATEMENT
Title The philosophy of social science : an introduction
Statement of responsibility, etc Martin Hollis
260 ## - PUBLICATION, DISTRIBUTION, ETC. (IMPRINT)
Place of publication Cambridge
Name of publisher Cambridge University Press
Year of publication c1994
300 ## - PHYSICAL DESCRIPTION
Number of Pages x, 268 p. ; 22 cm
500 ## - GENERAL NOTE
General note Includes bibliographical references (p. 261-265) and index
650 ## - SUBJECT ADDED ENTRY--TOPICAL TERM
Topical Term Social sciences - Philosophy
991 ## -
-- 233747
Holdings
Withdrawn status Lost status Damaged status Not for loan Home library Current library Shelving location Date acquired Full call number Accession Number Price effective from Koha item type
        Anna Centenary Library Anna Centenary Library 3RD FLOOR, B WING 15.10.2020 300.1 HOL 239319 15.10.2020 English Books

Find us on the map